Memoria del evento : historia y actualidad del diseño industrial latinoamericano /

Detalles Bibliográficos
Otros Autores: Escobar Guillén, Gloria Carolina (Editor)
Formato: Electrónico eBook
Lenguaje:español
Publicado: Ciudad de Guatemala, Guatemala : Universidad Rafael Landívar : Editorial Cara Parens, 2021.
Materias:
Acceso en línea:Digitalia Hispánica

MARC

LEADER 00000nam a2200000Ii 4500
001 DIGCARPAR0016
003 NyNyDIG
006 m o d
007 cr |||||||||||
008 220803s2021 gt a ob 000 0 spa d
035 |a (OCoLC)1295380657 
040 |a DGITA  |b eng  |e rda  |e pn  |c DGITA 
020 |a 9789929543553  |q edición digital  |q ePub 
020 |a 9789929543546  |q edición digital  |q pdf 
043 |a cl----- 
050 1 4 |a NA2750 ebook 
082 0 4 |a 745.2 
245 0 0 |a Memoria del evento :  |b historia y actualidad del diseño industrial latinoamericano /  |c coordinación, Gloria Escobar. 
246 3 0 |a Historia y actualidad del diseño industrial latinoamericano  
264 1 |a Ciudad de Guatemala, Guatemala :  |b Universidad Rafael Landívar :  |b Editorial Cara Parens,  |c 2021. 
300 |a 1 online resource :  |b illustrations. 
336 |a text  |b txt  |2 rdacontent 
337 |a computer  |b c  |2 rdamedia 
338 |a online resource  |b cr  |2 rdacarrier 
347 |a text file  |2 rdaft 
347 |b EPUB 
347 |b PDF 
500 |a "Organiza, Instituto de Investigación y Estudios Superiores en Arquitectura y Diseño (Indis), Universidad Rafael Landívar; apoya, Facultad de Arquitectura y Diseño Universidad Rafael Landívar". 
504 |a Includes bibliographical references. 
588 0 |a Online resource; title from ePub title page (Digitalia, viewed August 3, 2022) 
650 0 |a Industrial design  |z Latin America. 
650 0 |a Industrial design  |z Latin America  |x History. 
655 0 |a Electronic books. 
700 1 |a Escobar Guillén, Gloria Carolina,  |e editor. 
791 2 |a Digitalia (Firm),  |e distributor. 
793 0 |g Digitalia eBook Collection:  |a Editorial Cara Parens 
856 4 0 |3 Digitalia Hispánica  |u https://www.digitaliapublishing.com/a/111232/ 
910 |a Premium collection: 2022